000 00621nam a2200205Ia 4500
008 210303s9999 xx 000 0 und d
016 _2retro2021
020 _a9780303644
040 _aNLN
_bEnglish
050 _aTL152
_b.S159
082 _a629.2872
100 _aSALAMI, K.A.
_eaut
245 0 _aAuto, technology fundamentals series III /
_cK.A. Salami
260 _aIbadan, Oyo State ( Three Crowns Building, Jericho P.M.B. 5095 ) :
_bUniversity Press,
_c2004
300 _axii, 139p. :
_bill. ; 22cm.
563 _a(pbk)
650 _aAutomobiles
_vMaintenance and repairs
_928660
942 _cBK
942 _n0
999 _c14491
_d14491